000 00636nam a2200217 a 4500
001 000022162
005 20200930011617.0
008 100917s1994 sp 000 j spa d
020 _a8420646423
040 _aDO-SdBNP
_bspa
_cBNPHU
082 _aU863.44
_bB462v
100 1 _aBenedetti, Mario,
_d1920-2009.
_911959
245 1 3 _aLa vecina orilla /
_cMario Benedetti.
260 _aMadrid :
_bAlianza,
_c1994.
300 _a96 p. ;
_c15 cm.
490 1 _aAlianza cien
_v42
500 _aLibro de bolsillo
650 4 _aCuentos uruguayos
_98971
650 4 _aLiteratura uruguaya
_ySIGLO XX
_916336
830 0 _aAlianza cien ;
_v42
_912832
999 _c21660
_d21660